Choice and consequence (Record no. 7153)

000 -LEADER
fixed length control field 00630 a2200205 4500
020 ## - INTERNATIONAL STANDARD BOOK NUMBER
International Standard Book Number 0-674-12770-6
020 ## - INTERNATIONAL STANDARD BOOK NUMBER
International Standard Book Number 0-674-12771-4
040 ## - CATALOGING SOURCE
Original cataloging agency DLC
Language of cataloging DLC
082 ## - DEWEY DECIMAL CLASSIFICATION NUMBER
Classification number 300
082 ## - DEWEY DECIMAL CLASSIFICATION NUMBER
Classification number 300
100 1# - MAIN ENTRY--PERSONAL NAME
Personal name Schelling, Thomas C.,
245 00 - TITLE STATEMENT
Title Choice and consequence
Statement of responsibility, etc. Thomas C. Schelling
260 ## - PUBLICATION, DISTRIBUTION, ETC.
Place of publication, distribution, etc. Cambridge, Mass. :
Name of publisher, distributor, etc. Harvard U.P.,
Date of publication, distribution, etc. 1984
300 ## - PHYSICAL DESCRIPTION
Extent 363 s.
650 #0 - SUBJECT ADDED ENTRY--TOPICAL TERM
Topical term or geographic name entry element Social sciences
General subdivision Addresses, essays, lectures
650 #0 - SUBJECT ADDED ENTRY--TOPICAL TERM
Topical term or geographic name entry element Economics
General subdivision Addresses, essays, lectures
650 #0 - SUBJECT ADDED ENTRY--TOPICAL TERM
Topical term or geographic name entry element Social problems
General subdivision Addresses, essays, lectures
650 #0 - SUBJECT ADDED ENTRY--TOPICAL TERM
Topical term or geographic name entry element Choice (Psychology)
General subdivision Addresses, essays, lectures
942 ## - ADDED ENTRY ELEMENTS (KOHA)
Koha item type Book
Call number prefix 300 SCH
Source of classification or shelving scheme
Holdings
Withdrawn status Lost status Damaged status Not for loan Collection code Permanent Location Current Location Shelving location Date acquired Source of acquisition Cost, normal purchase price Total Checkouts Total Renewals Full call number Barcode Date last seen Date last checked out Price effective from Koha item type
          Central Library (CL) Central Library (CL) General Stacks 05/22/2006 Progressive International Agencies 1508.63 1 3 300 SCH SEECS007321 05/31/2022 08/16/2021 01/05/2017 Book
© 2023 Central Library, National University of Sciences and Technology. All Rights Reserved.